000 01159 a2200229 4500
001 57159
005 20260407155834.0
008 260407a1997 arg spa d
003 AR-UNSa-BCEJYS
040 _aAR-UNSa-BCEJYS
_bspa
_cAR-UNSa-BCEJYS
080 _a342
_xDerecho constitucional (Derecho Público)
245 1 0 _aDerecho parlamentario argentino
020 _a987-507-016-5
264 1 _aBuenos Aires :
_bEdiciones Ciudad Argentina
_c1997
300 _a349 p.
_c24 cm.
505 _a1. Nociones básicas – 2. Antecedentes y roles del parlamento – 3. Organización y composición del congreso – 4. Prerrogativas – 5. Los congresistas – 6. Años legislativos y sesiones – 7. La ley – 8. Otras decisiones de las cámaras – 9. Juicio político – 10. Relaciones con el poder ejecutivo – 11. Relaciones con otros órganos y la sociedad – 12. El congreso reunido en asamblea – 13. Atribuciones del congreso
041 _aspa
942 _cBK
590 _aniveau_biblio:m niveau_hierar:0
100 1 _aGentile, Jorge Horacio
856 4 1 _uhttps://biblioeco.unsa.edu.ar/pmb/images/libros/L128729.jpg
_yImagen de portada
_qimage/jpeg
999 _c6151
_d6151